000 00329nam a2200133Ia 4500
008 260604s9999 xx 000 0 und d
020 _a9781788823784
082 _a158.1 HAH
100 _aCarmen hahn & chris kelly
_935678
245 0 _aOrganizational Psychology
260 _bEd-Tech Press
500 _aPsychology
942 _cBK
999 _c8502
_d8502